000 00712nam a2200229Ia 4500
003 GCL
008 140319s9999 xx 000 0 ara d
040 _aGCL /
_cGCL
082 0 4 _a327.11
_bم م
100 1 _aمحمد فاضل الجمالى
245 1 0 _aماساة الخليج والهيمنةالغربية الجديدة /
_cمحمد فاضل الجمالى
260 _a[S.N] :
_bمكتبة مدبولى ،
_c1992
300 _a161 ص
490 _a
650 0 4 _aالكويت
650 0 4 _aالعالم العربى
650 0 4 _aالاحوال السياسية
650 0 4 _aالعراق
650 0 4 _aالعلاقات الخارجية
650 0 4 _aحرب الخليج
942 _2ddc
_cBK
999 _c31265
_d31265